Spása /
Hříchy minulosti nejde spočítat. Čtvrtý díl atmosférické detektivní série od jedné z nejuznávanějších švédských autorek kriminálních románů současnosti.
Uloženo v:
| Série: | August Strindberg,
část 4 |
|---|---|
| Hlavní autor: | |
| Další autoři: | , , |
| Médium: | E-kniha |
| Jazyk: | Czech |
| Vydáno: |
Praha :
Kniha Zlín,
2025
|
| Vydání: | Vydání první |
| Témata: | |
| Příbuzné jednotky: | Z cyklu::
August Strindberg |
| Tagy: |
Žádné tagy |
| LEADER | 02818nam a2200505 i 4500 | ||
|---|---|---|---|
| 001 | 312861 | ||
| 003 | CZ PrSKC | ||
| 005 | 20260601215730.0 | ||
| 007 | ta | ||
| 008 | 251103s2025 xr g 000 f cze | ||
| 015 | |a cnb003717129 | ||
| 020 | |a 9788076629691 |q (vázáno) : |c Kč 549,00 | ||
| 035 | |a (OCoLC)1559931874 | ||
| 040 | |a ABG001 |b cze |e rda | ||
| 041 | 1 | |a cze |h swe | |
| 072 | 7 | |a 821.11 |x Germánské literatury |2 Konspekt | |
| 080 | |a 821.113.6-31 |2 MRF | ||
| 080 | |a (0:82-312.4) |2 MRF | ||
| 100 | 1 | |a Ohlsson, Kristina, |d 1979- |7 osa2013754787 |4 aut | |
| 240 | 1 | 0 | |a Frälsarkransen. |l Česky |
| 245 | 1 | 0 | |a Spása / |c Kristina Ohlssonová ; přeložili Vendula Nováková, Viola Somogyi a Martin Severýn |
| 250 | |a Vydání první | ||
| 264 | 1 | |a Praha : |b Kniha Zlín, |c 2025 | |
| 300 | |a 514 stran ; |c 21 cm | ||
| 336 | |a text |b txt |2 rdacontent | ||
| 337 | |a bez média |b n |2 rdamedia | ||
| 338 | |a svazek |b nc |2 rdacarrier | ||
| 500 | |a Přeloženo ze švédštiny | ||
| 520 | 2 | |a Hříchy minulosti nejde spočítat. Čtvrtý díl atmosférické detektivní série od jedné z nejuznávanějších švédských autorek kriminálních románů současnosti. |b Letní horka dorazila a za dveřmi je sezona raků. August Strindberg se dočkal potomka a spolu s Marií Martinssonovou si užívá rodičovské povinnosti. Jenže život v poklidné komunitě se otřese v základech po nálezu starších manželů, které někdo otrávil. Ve vesničce žili padesát let a všichni je měli rádi. Kdo by si přál jejich smrt? Vyšetřování připadne Marii, ale v jejím týmu to pod povrchem vře. Co skrývá její kolega Ray-Ray? Ukazuje se, že případ má ještě temnější stránku, než si kdokoli dokázal představit... Nakladatelská anotace. | |
| 655 | 7 | |a švédské romány |7 fd133923 |2 czenas | |
| 655 | 7 | |a detektivní romány |7 fd132010 |2 czenas | |
| 655 | 7 | |a thrillery (romány) |7 fd184206 |2 czenas | |
| 655 | 9 | |a Swedish fiction |2 eczenas | |
| 655 | 9 | |a detective novels |2 eczenas | |
| 655 | 9 | |a thrillers (novels) |2 eczenas | |
| 700 | 1 | |a Nováková, Vendula, |d 1981- |7 xx0174336 |4 trl | |
| 700 | 1 | |a Somogyi, Viola, |d 1964- |7 xx0021382 |4 trl | |
| 700 | 1 | |a Severýn, Martin, |d 1985- |7 xx0166647 |4 trl | |
| 787 | 0 | 8 | |i Z cyklu: |t August Strindberg |g 4 |
| 900 | |a ABA001 |b 21 | ||
| 928 | 9 | |a Albatros Media - Kniha Zlin | |
| 044 | |a xr | ||
| 910 | |a RBIT002 | ||
| 998 | |d 423463 |a https://core.palmknihy.cz/api/books/423463/cover?t52j8p |b https://core.palmknihy.cz/api/books/423463/cover/400?t52j8p |c https://core.palmknihy.cz/api/books/423463/cover/50?t52j8p |e 2029-10-21 |g 504 |i 9788076629691 |j https://core.palmknihy.cz/api/books/423463/preview.epub |k https://core.palmknihy.cz/api/books/423463/preview.pdf |l |q 49 |r 1 |s https://www.palmknihy.cz/kniha/423463 |t ebook |y 2025 |z 0 |v August Strindberg |w 4 | ||
| 999 | |d 312859 | ||